La noche roja (Record no. 145453)

MARC details
000 -LEADER
campo de control de longitud fija 00523nam a2200169 4500
001 - NÚMERO DE CONTROL
campo de control 145453
003 - IDENTIFICADOR DE NÚMERO DE CONTROL
campo de control ES-MaACL
005 - FECHA Y HORA DE LA ÚLTIMA TRANSACCIÓN
campo de control 20230906201233.0
007 - CAMPO FIJO DE DESCRIPCIÓN FÍSICA--INFORMACIÓN GENERAL
campo de control de longitud fija t|
008 - DATOS DE LONGITUD FIJA--INFORMACIÓN GENERAL
campo de control de longitud fija 070214s1929 sp r ||||1| spa d
100 1# - ENTRADA PRINCIPAL--NOMBRE DE PERSONA
Nombre de persona Speranski, Valentin.
9 (RLIN) 107697
245 13 - MENCIÓN DEL TÍTULO
Título La noche roja
Resto del título : el trágico fin de Nicolás II y su familia /
Mención de responsabilidad, etc. Valentin Speranski ; traducción de Augusto Riera.
260 ## - PUBLICACIÓN, DISTRIBUCIÓN, ETC.
Lugar de publicación, distribución, etc. Barcelona :
Nombre del editor, distribuidor, etc. Costa,
Fecha de publicación, distribución, etc. 1929.
300 ## - DESCRIPCIÓN FÍSICA
Extensión 294 p. ;
Dimensiones 21 cm.
700 1# - ENTRADA AGREGADA--NOMBRE PERSONAL
Nombre de persona Riera, Augusto.
9 (RLIN) 97100
852 ## - LOCALIZACIÓN
Ubicación ES-MaACL
Número de control de estantería F-4100
Holdings
Estatus retirado Estado de pérdida Estado de daño No para préstamo Biblioteca de origen Biblioteca actual Ubicación en estantería Fecha de adquisición Fuente de adquisición Total de préstamos Signatura topográfica completa Código de barras Visto por última vez Precio de reemplazo Tipo de ítem Koha
        Biblioteca del Ateneo de Madrid Biblioteca del Ateneo de Madrid Depósito 2 17/01/2008     F-4100 1151829 23/02/2023 23/02/2023 Libro impreso